<?xml version="1.0" encoding="UTF-8"?>
<record
    xmlns:xsi="http://www.w3.org/2001/XMLSchema-instance"
    xsi:schemaLocation="http://www.loc.gov/MARC21/slim http://www.loc.gov/standards/marcxml/schema/MARC21slim.xsd"
    xmlns="http://www.loc.gov/MARC21/slim">

  <leader>01043nam a2200229Ia 4500</leader>
  <controlfield tag="005">20240530110932.0</controlfield>
  <controlfield tag="008">140319s2006    xx            000 0 ara d</controlfield>
  <datafield tag="040" ind1=" " ind2=" ">
    <subfield code="a">GCL / </subfield>
    <subfield code="c">GCL</subfield>
  </datafield>
  <datafield tag="082" ind1="0" ind2="4">
    <subfield code="a">345.0263 /</subfield>
    <subfield code="b">&#x641; &#x62F;</subfield>
  </datafield>
  <datafield tag="100" ind1="1" ind2=" ">
    <subfield code="a">&#x641;&#x627;&#x64A;&#x632; &#x627;&#x644;&#x633;&#x64A;&#x62F; &#x627;&#x644;&#x644;&#x645;&#x633;&#x627;&#x648;&#x649; </subfield>
  </datafield>
  <datafield tag="245" ind1="1" ind2="2">
    <subfield code="a">&#x627;&#x644;&#x62F;&#x641;&#x648;&#x639; &#x627;&#x644;&#x642;&#x627;&#x646;&#x648;&#x646;&#x64A;&#x629; &#x648;&#x627;&#x644;&#x645;&#x634;&#x643;&#x644;&#x627;&#x62A; &#x627;&#x644;&#x642;&#x636;&#x627;&#x626;&#x64A;&#x629; :</subfield>
    <subfield code="b">&#x62D;&#x648;&#x644; &#x627;&#x644;&#x646;&#x635;&#x628; &#x648;&#x62E;&#x64A;&#x627;&#x646;&#x629; &#x627;&#x644;&#x627;&#x645;&#x627;&#x646;&#x629; &#x648;&#x627;&#x644;&#x62C;&#x631;&#x627;&#x626;&#x645; &#x627;&#x644;&#x645;&#x631;&#x62A;&#x628;&#x637;&#x629; &#x628;&#x647;&#x645; &#x634;&#x627;&#x645;&#x644;&#x627; /</subfield>
    <subfield code="c">&#x62A;&#x627;&#x644;&#x64A;&#x641; &#x641;&#x627;&#x64A;&#x632; &#x627;&#x644;&#x633;&#x64A;&#x62F; &#x627;&#x644;&#x644;&#x645;&#x633;&#x627;&#x648;&#x649; &#x60C; &#x627;&#x634;&#x631;&#x641; &#x641;&#x627;&#x64A;&#x632; &#x627;&#x644;&#x644;&#x645;&#x633;&#x627;&#x648;&#x649;</subfield>
  </datafield>
  <datafield tag="260" ind1=" " ind2=" ">
    <subfield code="a">&#x627;&#x644;&#x642;&#x627;&#x647;&#x631;&#x629; : </subfield>
    <subfield code="b">&#x627;&#x644;&#x645;&#x631;&#x643;&#x632; &#x627;&#x644;&#x642;&#x648;&#x645;&#x649; &#x644;&#x627;&#x635;&#x62F;&#x627;&#x631;&#x62A; &#x627;&#x644;&#x642;&#x627;&#x646;&#x648;&#x646;&#x64A;&#x629; &#x60C;</subfield>
    <subfield code="c">2006</subfield>
  </datafield>
  <datafield tag="300" ind1=" " ind2=" ">
    <subfield code="a">336 &#x635;&#x61B;</subfield>
    <subfield code="b">24 &#x633;&#x645;</subfield>
  </datafield>
  <datafield tag="490" ind1=" " ind2=" ">
    <subfield code="a">&#x645;&#x62C;&#x645;&#x648;&#x639;&#x629; &#x627;&#x644;&#x644;&#x645;&#x633;&#x627;&#x648;&#x649; &#x627;&#x644;&#x642;&#x627;&#x646;&#x648;&#x646;&#x64A;&#x629; </subfield>
    <subfield code="v">0</subfield>
  </datafield>
  <datafield tag="650" ind1=" " ind2=" ">
    <subfield code="2">&#x62C;&#x631;&#x64A;&#x645;&#x629; &#x627;&#x644;&#x646;&#x635;&#x628;</subfield>
  </datafield>
  <datafield tag="650" ind1=" " ind2=" ">
    <subfield code="2">&#x627;&#x644;&#x627;&#x62D;&#x643;&#x627;&#x645; &#x627;&#x644;&#x62C;&#x646;&#x627;&#x626;&#x64A;&#x629;</subfield>
  </datafield>
  <datafield tag="650" ind1=" " ind2=" ">
    <subfield code="2">&#x627;&#x644;&#x642;&#x627;&#x646;&#x648;&#x646;</subfield>
  </datafield>
  <datafield tag="650" ind1=" " ind2=" ">
    <subfield code="2">&#x62C;&#x631;&#x64A;&#x645;&#x629; &#x62E;&#x64A;&#x627;&#x646;&#x629; &#x627;&#x644;&#x627;&#x645;&#x627;&#x646;&#x629;</subfield>
  </datafield>
  <datafield tag="700" ind1=" " ind2=" ">
    <subfield code="a">&#x627;&#x634;&#x631;&#x641; &#x641;&#x627;&#x64A;&#x632; &#x627;&#x644;&#x644;&#x645;&#x633;&#x627;&#x648;&#x649;</subfield>
    <subfield code="e">&#x645;&#x624;&#x644;&#x641;</subfield>
  </datafield>
  <datafield tag="942" ind1=" " ind2=" ">
    <subfield code="2">ddc</subfield>
    <subfield code="c">BK</subfield>
  </datafield>
  <datafield tag="999" ind1=" " ind2=" ">
    <subfield code="c">66666</subfield>
    <subfield code="d">66666</subfield>
  </datafield>
  <datafield tag="952" ind1=" " ind2=" ">
    <subfield code="0">0</subfield>
    <subfield code="1">0</subfield>
    <subfield code="4">0</subfield>
    <subfield code="7">0</subfield>
    <subfield code="a">CAI</subfield>
    <subfield code="b">CAI</subfield>
    <subfield code="c">&#x627;&#x644;&#x639;&#x644;&#x648;&#x645; &#x627;&#x644;&#x627;&#x62C;&#x62A;&#x645;&#x627;&#x639;&#x64A;&#x629;-&#x639;&#x631;&#x628;&#x649;</subfield>
    <subfield code="d">2022-09-07</subfield>
    <subfield code="l">0</subfield>
    <subfield code="o">345.0263 / &#x641; &#x62F;</subfield>
    <subfield code="p">168402</subfield>
    <subfield code="r">2022-09-07 00:00:00</subfield>
    <subfield code="w">2022-09-07</subfield>
    <subfield code="y">BK</subfield>
  </datafield>
</record>
